000 00767nam a2200253Ia 4500
001 7707
003 GE_BSU
008 181216s||||||||xx |||||||||||||| ||und||
020 _a9789941124860.
040 _cGE_BSU
080 _a174:61(075.8)+614.253(075.8)
100 _aმამულაშვილი,ბელა.
245 _aბიოეთიკა.
245 _bსახელმძღვ.
245 _cრედ:გერონტი შუშანაშვილი.
250 _aმე-9 განახლ.გამოც.
260 _aთბილისი.
260 _bუნივერსალი.
260 _c2010.
300 _a376გვ;19სმ.
541 _h15ლ.
653 _aბიოეთიკა;
942 _cBK
999 _c41058
_d41058